The New York Postmaster's Provisional (Record no. 848)

000 -LEADER
fixed length control field 00273nam a22001217a 4500
003 - CONTROL NUMBER IDENTIFIER
control field OSt
008 - FIXED-LENGTH DATA ELEMENTS--GENERAL INFORMATION
fixed length control field 150215b xxu||||| |||| 00| 0 eng d
041 ## - LANGUAGE CODE
Language code of text/sound track or separate title eng
100 1# - MAIN ENTRY--PERSONAL NAME
Personal name Piller, Stanley M
245 10 - TITLE STATEMENT
Title The New York Postmaster's Provisional
260 ## - PUBLICATION, DISTRIBUTION, ETC. (IMPRINT)
Name of publisher, distributor, etc. 1991
300 ## - PHYSICAL DESCRIPTION
Extent 0 pages
Holdings
Withdrawn status Lost status Source of classification or shelving scheme Damaged status Not for loan Permanent Location Current Location Date acquired Total Checkouts Full call number Barcode Date last seen Price effective from Collection code Copy number Koha item type
          Northern Philatelic Library Northern Philatelic Library 10/05/2015   G3804 .N48 P641 1002000 10/05/2015 10/05/2015      
          Northern Philatelic Library Northern Philatelic Library 01/23/2017   G3804 N48 P641 1002612 01/23/2017 01/23/2017   2 Books

Powered by Koha